Justin Bieber’s TOP 20 songs - Statistiques

Statistiques générales
  • Ce quiz a été pris 96 fois
    8 depuis la dernière actualisation
  • Le résultat moyen est 9 sur 20
Statistiques - réponses
Nb Songs Feat Stream % Correct
9 Peaches Ft. Daniel Caesar & Giveon 1,922,944,000
100%
1 STAY Ft. The Kid LAROI 3,914,640,006
100%
12 Baby 1,486,098,144
80%
5 Sorry 2,823,509,202
80%
10 Cold Water Ft. Major Lazer and MO 1,858,640,159
60%
18 Confident 1,110,258,710
60%
7 I Don't Care Ft. Ed Sheeran 2,172,779,448
60%
3 Let Me Love You Ft. DJ Snake 3,035,959,137
60%
2 Love Yourself 3,125,965,571
60%
8 What Do You Mean 2,066,250,129
60%
16 Where Are U Now Ft. Skrillex and Diplo 1,298,615,701
60%
6 Ghost 2,214,862,377
40%
15 I'm the One Ft. DJ Khaled, Quavo, Chance the Rapper and Lil Wayne 1,410,926,475
40%
13 Stuck with U Ft. Ariana Grande 1,432,568,688
40%
17 10.000 Hours Ft. Dan+Shay 1,224,998,336
20%
14 Intentions 1,400,518,159
20%
4 Bad Guy Ft. Billie Eilish 2,915,115,679
0%
11 Beauty And A Beast 1,512,777,612
0%
19 Eeni Meenie 1,090,355,853
0%
20 Mistletoe 1,068,931,222
0%
Aucun quiz correspondant
Distribution des résultats
% des personnes avec chaque résultat
Percentile par nombre de réponses
Votre historique - résultats
Vous n’avez pas pris ce quiz depuis la dernière actualisation